| 000 | 00472nam a2200121Ia 4500 | ||
|---|---|---|---|
| 008 | 220512s9999 xx 000 0 eng d | ||
| 100 | _aSpoor, Max | ||
| 245 | 0 |
_aAgrarian Restructuring and Trends in Rural Inequalities in Central Asia : A Socio Statistical Survey / _cSpoor, Max |
|
| 260 |
_aSwitzerland : _bUnited Nations Research Institute for Social Development, _cNov-04 |
||
| 500 | _aCivil Society and Social Movements Program No 13 | ||
| 546 | _aEnglish | ||
| 942 | _cPR | ||
| 999 |
_c35989 _d35989 |
||